000 00244nam a2200097Ia 4500
001 1075614
005 20250827002241.0
008 250824s9999 xx 000 0 und d
245 0 _aDELİ GÖMLEĞİ
_cGÜRAY SÜNGÜ
260 _bKETEBE YAYINLARI
999 _c1075614
_d1075614